000 00872nam a2200229 i 4500
001 45857
003 ES-MaACL
005 20251011063103.0
007 t|
008 030327s1904 sp ||||1| spa d
100 1 _aColajanni, Napoleone,
_d1847-1921
_939543
245 1 0 _aRazas superiores y razas inferiores o latinos y anglo-sajones /
_cNapoleone Colajanni ; versión y prólogo de José Buixó Monserdá.
260 _aBarcelona :
_b[s.n.],
_c1904 (
_fImp. Heinrich et Cª)
300 _a3 v. ;
_c16 cm.
490 1 _aBiblioteca sociológica internacional
650 4 _aPaíses de lenguas románicas-
_xCivilización.
_9161151
650 4 _aPaíses anglófonos-
_xCivilización.
_9161152
700 1 _aBuixó Monserdá, José.
_932476
830 0 _aBiblioteca sociológica internacional
_9182076
852 _aES-MaACL
_jD-4928-30
999 _c45857
_d45857